Alle Teams der NFL - Statistiken

Allgemein
  • Dieses Quiz wurde 116 mal gespielt
  • Das Durchschnittsergebnis liegt bei 27 aus 32
Antwortstatistiken
Antwort % Korrekt
Patriots
95%
Rams
95%
49ers
92%
Chiefs
92%
Giants
92%
Bears
91%
Dolphins
91%
Raiders
91%
Seahawks
91%
Jets
88%
Texans
88%
Colts
87%
Eagles
87%
Steelers
87%
Vikings
87%
Bills
86%
Broncos
86%
Browns
86%
Cowboys
86%
Packers
86%
Panthers
86%
Bengals
83%
Falcons
83%
Jaguars
83%
Saints
83%
Chargers
82%
Ravens
82%
Cardinals
79%
Lions
79%
Commanders
78%
Titans
74%
Buccaneers
64%
Keine übereinstimmenden Quizze gefunden
Verteilung der Resultate
Anzahl Personen mit jedem Resultat
Perzentil nach korrekt beantworteten Fragen
Ihre Resultats-Entwicklung
Sie haben dieses Quiz noch nicht gespielt